000 00766nam a2200253Ia 4500
003 OSt
005 20220926000547.0
006 a|||||r|||| 00| 0
007 ta
008 220923b |||||||| |||| 00| 0 eng d
037 _cGeneral Book
040 _aRTL
_cRTL
_beng
041 _2eng
_aeng
082 _aX:54y72.N7, L9
110 _aIndian Institute of Foreign Trade
_9236018
245 0 _aCasee in international marketing
_b Indian experien
260 _a New Delhi
_bIndian Institute of Foreign Trade India
_c1979
300 _axv, 392p
_ccm.
500 _aBibliography: p 373-392
650 _aExport
700 _aIndian Institute of Foreign Trade
_9236019
942 _hX:54y72.N7, L9
_cGB
_2CC
999 _c599282
_d599282